Lendas e mistérios (Record no. 61769)

MARC details
000 -LÍDER
campo de controle de tamanho fixo 00349 a2200157 4500
001 - NÚMERO DE CONTROLE
campo de controle 61769
020 ## - ISBN - INTERNATIONAL STANDARD BOOK NUMBER
ISBN - International Standard Book Number 8598553069
040 ## - FONTE DA CATALOGAÇÃO
Instituição que transcreveu o registro Anchieta - Pituba
100 ## - ENTRADA PRINCIPAL--NOME PESSOAL
Nome pessoal Cedraz, Antônio Luiz Ramos
240 10 - TÍTULO UNIFORME
Título uniforme Lendas e mistérios
Idioma da obra por
245 10 - TÍTULO
Título Lendas e mistérios
300 ## - DESCRIÇÃO FÍSICA
Extensão 48
362 0# - DATAS DE PUBLICAÇÃO E/OU DESIGNAÇÃO SEQUENCIAL
Datas de publicação e/ou designação sequencial 2007
650 #4 - ASSUNTO--TERMO TÓPICO
Cabeçalho tópico ou nome geográfico Literatura juvenil
942 ## - ELEMENTOS DE ENTRADA ADICIONADOS (KOHA)
Tipo de material Koha Livros
Holdings
Situação do descarte Situação das perdas Situação física Não pode ser emprestado Biblioteca de origem Biblioteca atual Data de aquisição Total de empréstimos Número de chamada completo Código de barras Data de último acesso Data do último empréstimo Data do preço efetivo Tipo de material Koha
        Colégio Anchieta - Pituba Inspira 21/11/2023 1 LJ 028.5 C389l CED LEN 13991/PIT 21/11/2023 21/11/2023 21/11/2023 Livros